000 00389nam a2200145Ia 4500
008 231129s2005||||xx |||||||||||||| ||spa||
020 _a958-30-1537-7
040 _bspa
082 _a788.3 W238a
100 _aWalton Simon
245 0 _aAprende flauta dulce y otros vientos de madera
260 _c2005
264 _aPanamericana
942 _2ddc
_cBKS
999 _c5449
_d5449